Ανάλυση βιωσιμότητας 25 πληθυσμών με το πρόγραμμα Vortex : συμπεράσματα για την διατήρησή τους σε ένα κατακερματισμένο τοπίο : πτυχιακή εργασία

Saved in:
Bibliographic Details
Main Author: Τραϊφόρος, Νικόλαος-Ηλίας
Corporate Author: Πανεπιστήμιο Αιγαίου. Σχολή Περιβάλλοντος. Τμήμα Περιβάλλοντος
Format: Thesis Book
Language:Greek
Published: 2008.
Subjects:
Online Access:http://hdl.handle.net/11610/10556
Tags: Add Tag
No Tags, Be the first to tag this record!

MARC

LEADER 00000cam a2200000 i 4500
001 1/103040
008 090318s2008 gre d
035 |l 10103896 
040 |a GR-MY-UA  |b gre  |e aacr 
041 0 |a gre 
082 0 |a 577.88  |2 (22) 
100 1 |a Τραϊφόρος, Νικόλαος-Ηλίας. 
245 1 0 |a Ανάλυση βιωσιμότητας 25 πληθυσμών με το πρόγραμμα Vortex :   |b συμπεράσματα για την διατήρησή τους σε ένα κατακερματισμένο τοπίο : πτυχιακή εργασία /   |c Τραϊφόρος Νικόλαος-Ηλίας ; υπεύθυνος καθηγητής: Κ. Θεοδώρου.  
260 |c 2008.  
300 |a 31 σ. :   |b εικ. ;   |c 30 εκ.  
502 |a Πτυχιακή εργασία – Πανεπιστήμιο Αιγαίου, Λέσβος, 2008. 
504 |a Βιβλιογραφία: σ. 27-29.  
650 0 0 |a Population biology  |x Statistical methods. 
650 0 0 |a Biotic communities  |x Statistical methods. 
650 0 0 |a Animal populations  |x Estimates. 
650 0 0 |a Dissertations, Academic  |z Greece. 
700 1 |a Θεοδώρου, Κωνσταντίνος,  |e dgs 
710 2 |a Πανεπιστήμιο Αιγαίου.   |b Σχολή Περιβάλλοντος.   |b Τμήμα Περιβάλλοντος. 
852 |a INST  |b LESVOS  |c DIATR  |e 20090318  |h 1183  |p 005100044600  |q 005100044600  |t DIE  |y 23 
852 |a INST  |b LESVOS  |c DIATR  |e 20090318  |h 1184  |p 005100044599  |q 005100044599  |t DIE  |y 23 
856 |u http://hdl.handle.net/11610/10556 
901 |a BIBL1-2009-1 
909 |a Λ  |b 130122 
909 |a Λ  |b 130123 
924 |a ΤΡΑΙΦΟΡΟΣ  |b ΝΙΚΟΛΑΟΣ-ΗΛΙΑΣ  |y ΛΕΣΒΟΣ  |z 2008-10 
970 |a ΤΖΑΦΕΡΗ  |b ΕΥΑΓΓΕΛΙΑ  |z 2009/03/18